Library Banner

Professional issues in speech-language pathology and audiology / (Record no. 103878)

MARC details
000 -LEADER
fixed length control field 00914cam a22002897a 4500
001 - CONTROL NUMBER
control field 17259653
005 - DATE AND TIME OF LATEST TRANSACTION
control field 20190503091736.0
008 - FIXED-LENGTH DATA ELEMENTS--GENERAL INFORMATION
fixed length control field 120417t20132013nyua b 001 0 eng
020 ## - INTERNATIONAL STANDARD BOOK NUMBER
International Standard Book Number 9781111309107 (pbk.)
020 ## - INTERNATIONAL STANDARD BOOK NUMBER
International Standard Book Number 1111309108 (pbk.)
040 ## - CATALOGING SOURCE
Transcribing agency PK-LaUMT
082 00 - DEWEY DECIMAL CLASSIFICATION NUMBER
Classification number 616.855
Edition number 23
Item number LUB-P
100 ## - MAIN ENTRY--PERSONAL NAME
Personal name Lubinski, Rosemary
245 00 - TITLE STATEMENT
Title Professional issues in speech-language pathology and audiology /
Statement of responsibility, etc by Rosemary Lubinski and Melanie W. Hudson
250 ## - EDITION STATEMENT
Edition statement 4th ed.
260 ## - PUBLICATION, DISTRIBUTION, ETC. (IMPRINT)
Place of publication, distribution, etc Clifton :
Name of publisher, distributor, etc Delmar,
Date of publication, distribution, etc 2013
300 ## - PHYSICAL DESCRIPTION
Extent xxxvii, 633 p. :
Other physical details color illustrations ;
Dimensions 24 cm
650 #0 - SUBJECT ADDED ENTRY--TOPICAL TERM
Topical term or geographic name as entry element Speech therapy
General subdivision Practice.
650 #0 - SUBJECT ADDED ENTRY--TOPICAL TERM
Topical term or geographic name as entry element Audiology
General subdivision Practice.
650 #0 - SUBJECT ADDED ENTRY--TOPICAL TERM
Topical term or geographic name as entry element Speech therapists
General subdivision Vocational guidance.
650 12 - SUBJECT ADDED ENTRY--TOPICAL TERM
Topical term or geographic name as entry element Speech-Language Pathology.
650 22 - SUBJECT ADDED ENTRY--TOPICAL TERM
Topical term or geographic name as entry element Audiology.
650 22 - SUBJECT ADDED ENTRY--TOPICAL TERM
Topical term or geographic name as entry element Professional Practice.
700 1# - ADDED ENTRY--PERSONAL NAME
Personal name Lubinski, Rosemary,
700 1# - ADDED ENTRY--PERSONAL NAME
Personal name Hudson, Melanie W.,
942 ## - ADDED ENTRY ELEMENTS (KOHA)
Koha item type Books
Holdings
Withdrawn status Lost status Damaged status Home library Current library Date acquired Full call number Barcode Date last seen Price effective from Koha item type Copy number
      UMT Main Campus UMT Main Campus 2018-03-13 616.855 LUB-P 120102 2018-03-13 2018-03-13 Books  
      UMT Main Campus UMT Main Campus 2019-05-03 616.855 LUB-P 129734 2019-05-03 2019-05-03 Books C. 2